| 000 | 00564ntaaa2200193 4500 | ||
|---|---|---|---|
| 003 | 01 | ||
| 005 | 20251027202453.0 | ||
| 008 | 0714s1973 ag 01 | ||
| 040 |
_aAR-BaBN _bspa _cAR-BaBN _eaacr _dRIC |
||
| 082 | _a268.4323 K15 | ||
| 100 |
_aKattner, Georgeann Huckabee _923607 |
||
| 245 | _aFinding out about me | ||
| 250 | _a1 ed. | ||
| 260 |
_aNashville : _bConvention Press, _cc1965 |
||
| 300 | _axiv, 80 p. | ||
| 500 | _amanual para lĂderes de principiantes con curso de estudio sobre "Conociendo a mi mismo" | ||
| 650 |
_aPrincipiantes _93772 |
||
| 942 | _cBK | ||
| 999 |
_c19708 _d19708 |
||